00467nam a2200169 a 4500008004100000020001800041050002100059100001900080245005400099260002700153300002200180350000900202490002900211490001200240650001600252650002900268100120s2009 ||||||||||||||||| || u a9780080449654 aTA 418.9.N35 Nan aWilde, Gerhard10aNanostructured materialscedited by Gerhard Wilde aOxfordbElsevierc2009 aviii, 374p.; ill. a0.00 aFrontiers of nanoscience v vol. 1 aENGINEERING aNANOSTRUCTURED MATERIALS